<?xml version="1.0" encoding="UTF-8"?><?xml-stylesheet type="text/xsl" href="static/style.xsl"?><OAI-PMH xmlns="http://www.openarchives.org/OAI/2.0/" xmlns:xsi="http://www.w3.org/2001/XMLSchema-instance" xsi:schemaLocation="http://www.openarchives.org/OAI/2.0/ http://www.openarchives.org/OAI/2.0/OAI-PMH.xsd"><responseDate>2026-04-17T02:26:11Z</responseDate><request verb="GetRecord" identifier="oai:www.recercat.cat:10230/20464" metadataPrefix="marc">https://recercat.cat/oai/request</request><GetRecord><record><header><identifier>oai:recercat.cat:10230/20464</identifier><datestamp>2025-12-24T08:57:23Z</datestamp><setSpec>com_2072_6</setSpec><setSpec>col_2072_452952</setSpec></header><metadata><record xmlns="http://www.loc.gov/MARC21/slim" xmlns:dcterms="http://purl.org/dc/terms/" xmlns:xsi="http://www.w3.org/2001/XMLSchema-instance" xmlns:doc="http://www.lyncode.com/xoai" xsi:schemaLocation="http://www.loc.gov/MARC21/slim http://www.loc.gov/standards/marcxml/schema/MARC21slim.xsd">
   <leader>00925njm 22002777a 4500</leader>
   <datafield ind2=" " ind1=" " tag="042">
      <subfield code="a">dc</subfield>
   </datafield>
   <datafield ind2=" " ind1=" " tag="720">
      <subfield code="a">Nadal Gaya, Carlos, 1923-2010</subfield>
      <subfield code="e">author</subfield>
   </datafield>
   <datafield ind2=" " ind1=" " tag="260">
      <subfield code="c">2013-03-06T11:43:59Z</subfield>
   </datafield>
   <datafield ind2=" " ind1=" " tag="260">
      <subfield code="c">2013-03-06T11:43:59Z</subfield>
   </datafield>
   <datafield ind2=" " ind1=" " tag="260">
      <subfield code="c">2013</subfield>
   </datafield>
   <datafield ind2=" " ind1=" " tag="520">
      <subfield code="a">Conté: Defenderse, ¿de quién?; Ataque a tres grandes símbolos; Bush, en el laberinto; Combatir a un enemigo oculto; La desconcertante &amp;quot;nueva normalidad&amp;quot;; El imperio vuelve a tener enemigo; Enseñanzas del 11 de septiembre; La proximidad del terror islamista; La controvertida guerra de Iraq; El aldabonazo del 11-M; El escándalo de las torturas en Iraq; La alerta europea; El aldabonazo de Londres; Europa, en primera línia; Porqué, ahora, en Londres; Iraq o la cuadratura del círculo; Un mundo de &amp;quot;agujeros negros&amp;quot;; Más allá de unas palabras; Respeto pero no coacción; España, en el punto de mira; Al Qaeda, en la turbulencia islamista; ¿Combatir o irse de Afganistán?; Todos vulnerables; La guerra secreta</subfield>
   </datafield>
   <datafield tag="653" ind2=" " ind1=" ">
      <subfield code="a">Atemptats terroristes de l&amp;apos;11 de setembre, Estats Units d&amp;apos;Amèrica, 2001 -- Influència</subfield>
   </datafield>
   <datafield tag="653" ind2=" " ind1=" ">
      <subfield code="a">Qaida (Organització)</subfield>
   </datafield>
   <datafield ind2="0" ind1="0" tag="245">
      <subfield code="a">E. 11-S, el terrorisme d&amp;apos;Al-Qaida i les seves conseqüències</subfield>
   </datafield>
</record></metadata></record></GetRecord></OAI-PMH>